00443 2200169 4500001002100000005001500021008004100036020001800077035001900095041000700114082001000121090001600131100002600147245004200173260003400215300002400249INLIS00000000002930320241224132724241224||||||||| | ||| |||| || |  a979-757-028-2 0010-1224029303 aid0 a530.1 a530.1 RED r0 aredaksi kawan pustaka00aRANGKUMAN RUMUS MATEMATIKA&FISIKA SMP adepokbpt kawan pustakac2006 avi + 84 hlm ; 19 cm